ბათუმის შოთა რუსთაველის სახელმწიფო უნივერსიტეტის ბიბლიოთეკა

კრწანისი.დრამატული პოემა (ბიბ.ჩანაწერი № 48391)

000 -LEADER
fixed length control field 00642nam a2200205Ia 4500
001 - CONTROL NUMBER
control field 15281
003 - CONTROL NUMBER IDENTIFIER
control field GE_BSU
008 - FIXED-LENGTH DATA ELEMENTS--GENERAL INFORMATION
fixed length control field 181216s||||||||xx |||||||||||||| ||und||
040 ## - CATALOGING SOURCE
Transcribing agency GE_BSU
080 ## - UNIVERSAL DECIMAL CLASSIFICATION NUMBER
Universal Decimal Classification number 821.353.1-11
100 ## - MAIN ENTRY--PERSONAL NAME
Personal name შანშიაშვილი,სანდრო
245 ## - TITLE STATEMENT
Title კრწანისი.დრამატული პოემა
245 ## - TITLE STATEMENT
Statement of responsibility, etc. რედ.გ.ქიქოძე
260 ## - PUBLICATION, DISTRIBUTION, ETC.
Place of publication, distribution, etc. თბილისი
260 ## - PUBLICATION, DISTRIBUTION, ETC.
Name of publisher, distributor, etc. ფედერაცია
260 ## - PUBLICATION, DISTRIBUTION, ETC.
Date of publication, distribution, etc. 1942
300 ## - PHYSICAL DESCRIPTION
Extent 85გვ.16სმ.
653 ## - INDEX TERM--UNCONTROLLED
Uncontrolled term კრწანისი.დრამატული პოემა
942 ## - ADDED ENTRY ELEMENTS (KOHA)
Koha item type წიგნი
ეგზემპლარები
Withdrawn status Lost status Damaged status Not for loan Date acquired Barcode Date last seen Price effective from Koha item type
        2018-12-17 38059 2018-12-17 2018-12-17 წიგნი
        2018-12-17 38060 2018-12-17 2018-12-17 წიგნი